Women´s Suffrage and the Position of Women in Britain in the 21st Century bakalárska práca

Enregistré dans:
Détails bibliographiques
Auteur principal: Chudíková, Petra
Collectivité auteur: Fakulta aplikovaných jazykov EU v Bratislave. Katedra interkultúrnej komunikácie
Autres auteurs: Némethová, Ildikó, 1974-
Format: Livre
Langue:anglais
Publié: Bratislava 2018
Tags: Ajouter un tag
Pas de tags, Soyez le premier à ajouter un tag!

MARC

LEADER 00000nbm a2200000 4500
001 0243983
005 20180913144659.4
041 0 |a eng 
044 |a SK 
245 1 0 |a Women´s Suffrage and the Position of Women in Britain in the 21st Century  |b bakalárska práca  |c Petra Chudíková ; školiteľ: Ildikó Némethová 
264 1 |a Bratislava  |c 2018 
300 |a 46 s. 
100 1 |a Chudíková, Petra 
700 1 |a Némethová, Ildikó, 1974- 
710 2 |a Fakulta aplikovaných jazykov EU v Bratislave. Katedra interkultúrnej komunikácie